Statistics for Biggest Cities in Turkey

Click here to take the quiz!

General Stats

  • This quiz has been taken 116 times
    (39 since last reset)
  • The average score is 9 of 20

Answer Stats

Population City % Correct
14,025,646Istanbul
100%
4,587,558Ankara
100%
2,847,691İzmir
97%
955,573Antalya
90%
1,854,285Bursa
69%
1,495,050Gaziantep
69%
1,563,545Adana
55%
1,003,373Konya
55%
352,292Van
45%
911,984Kayseri
41%
614,310Diyarbakır
34%
511,601Samsun
34%
842,230Mersin
31%
388,590Malatya
21%
358,344Erzurum
21%
617,215Eskişehir
17%
492,815Denizli
14%
465,748Şanlıurfa
10%
399,022Adapazarı
10%
384,953Kahramanmaraş
3%

Score Distribution

Percentile by Number Answered

Percent of People with Each Score

Your Score History

You have not taken this quiz since the last reset